| 000 | 00808cab a2200205 4500 | ||
|---|---|---|---|
| 001 | ABS38304 | ||
| 008 | 090401t1987 xxu||||| |||| 00| 0 eng d | ||
| 035 | _a(Sirsi) u9874 | ||
| 041 | _aeng | ||
| 100 | _aCheeseright, P. | ||
| 245 | _aNew uses for old | ||
| 260 | _c1987 | ||
| 350 | _a0 | ||
| 490 |
_aProperty Director _v2(2) Autumn 1987, 56-57(2) |
||
| 520 | _aDiscusses the implications of the Town and Country Planning (Use Classes) Order 1987 (SI 1987: 764). Refers specifically to the new business class which has brought together light industry, offices and research and development. Makes frequent reference to a report by Oppenheimers on the new order. | ||
| 650 | _aTOWN AND COUNTRY PLANNING (USE CLASSES) ORDERS | ||
| 690 | _aPLANNING LAW AND PRACTICE | ||
| 942 | _n0 | ||
| 948 | _c04/03/1997 | ||
| 999 |
_c6213 _d6213 |
||